[Event "Riazan-ch"]
[Site "Riazan"]
[Date "2010.04.??"]
[Round "?"]
[White "Stepovoj, Vladimir"]
[Black "Gazakaev, Sergey"]
[Result "1/2-1/2"]
[WhiteElo "2381"]
[BlackElo "2365"]
[PlyCount "91"]
[EventDate "2010.04.??"]
[EventType "swiss"]
[EventRounds "11"]
[EventCountry "RUS"]
[SourceTitle "EXT 2011"]
[Source "ChessBase"]
[SourceDate "2010.11.26"]
[SourceVersion "1"]
[SourceVersionDate "2010.11.26"]
[SourceQuality "1"]

1. e4 e5 2. Nf3 Nc6 3. d4 exd4 4. Nxd4 Nf6 5. Nxc6 bxc6 6. e5 Qe7 7. Qe2 Nd5 8. b3 Qe6 9. a3 a5 10. c4 Nb6 11. Bb2 Ba6 12. Nd2 c5 13. a4 d5 14. exd6 cxd6 15. Qxe6+ fxe6 16. Be2 Bb7 17. 0-0 Be7 18. Bg4 e5 19. f4 h5 20. Bf5 exf4 21. Rae1 Kd8 22. Rxf4 Rf8 23. Rf2 Nd7 24. Bxg7 Rg8 25. Bc3 Bh4 26. g3 Bxg3 27. Bxa5+ Rxa5 28. hxg3 Rxg3+ 29. Kh2 Rg7 30. Re6 Kc7 31. Ne4 Ra6 32. Nc3 Bc6 33. Rd2 Ne5 34. Rf2 Nf3+ 35. Rxf3 Bxf3 36. Nb5+ Kb6 37. Re3 Bc6 38. Nxd6 Ra8 39. Re6 Ka5 40. Ne4 Bxe4 41. Bxe4 Rb8 42. Rc6 Kb4 43. a5 Kxa5 44. Rxc5+ Kb4 45. Rxh5 Kxb3 46. Rb5+ 1/2-1/2

[Event "Tula op"]
[Site "Tula"]
[Date "2000.??.??"]
[Round "2"]
[White "Gazakaev, Sergey"]
[Black "Zhidkov, Valery S"]
[Result "0-1"]
[WhiteElo "2287"]
[BlackElo "2374"]
[PlyCount "76"]
[EventDate "2000.??.??"]
[EventType "swiss"]
[EventRounds "10"]
[EventCountry "RUS"]
[SourceTitle "EXT 2001"]
[Source "ChessBase"]
[SourceDate "2000.11.22"]
[SourceVersion "1"]
[SourceVersionDate "2000.11.22"]
[SourceQuality "1"]

1. c4 Nf6 2. Nc3 e6 3. e4 c5 4. e5 Ng8 5. d4 cxd4 6. Qxd4 Nc6 7. Qe4 f5 8. Qe3 Nge7 9. f4 Ng6 10. Nf3 d6 11. Bd2 dxe5 12. fxe5 b6 13. 0-0-0 Bc5 14. Qe1 0-0 15. h4 Qc7 16. Nb5 Qb8 17. Bc3 a6 18. Nd6 Rd8 19. h5 Nf8 20. Qg3 Ra7 21. Be2 Rad7 22. a3 Bb7 23. b4 Be3+ 24. Kb2 Ne7 25. Ng5 Bxg5 26. Qxg5 h6 27. Qg3 Bc6 28. Rhg1 Ba4 29. Rd3 Qc7 30. Qf4 Nh7 31. g4 Ng5 32. gxf5 Nxf5 33. Bg4 Rf8 34. Qd2 Nxd6 35. exd6 Qxc4 36. Be5 Ne4 37. Rc3 Nxd2 38. Rxc4 Nxc4+ 0-1

[Event "Tula op"]
[Site "Tula"]
[Date "2000.??.??"]
[Round "1"]
[White "Leontiev, Aleksandr V"]
[Black "Gazakaev, Sergey"]
[Result "1/2-1/2"]
[WhiteElo "2386"]
[BlackElo "2287"]
[PlyCount "125"]
[EventDate "2000.??.??"]
[EventType "swiss"]
[EventRounds "10"]
[EventCountry "RUS"]
[SourceTitle "EXT 2001"]
[Source "ChessBase"]
[SourceDate "2000.11.22"]
[SourceVersion "1"]
[SourceVersionDate "2000.11.22"]
[SourceQuality "1"]

1. c4 e5 2. Nc3 Nc6 3. Nf3 Nf6 4. e3 Be7 5. d4 exd4 6. Nxd4 0-0 7. Nc2 Nb4 8. Nd5 Nfxd5 9. cxd5 c6 10. Nxb4 Bxb4+ 11. Bd2 Qa5 12. a3 Bxd2+ 13. Qxd2 Qxd2+ 14. Kxd2 b6 15. b4 Bb7 16. Be2 cxd5 17. Bf3 Rfc8 18. Rhd1 a5 19. Ke1 Kf8 20. Rdb1 Rc3 21. bxa5 Rxa5 22. Rxb6 Bc6 23. a4 Rc4 24. Bd1 d4 25. Bb3 Rc3 26. Kd2 Bxg2 27. exd4 Rf3 28. Ke2 Rf4 29. Ke3 Rf3+ 30. Ke2 Raf5 31. a5 Rxf2+ 32. Kd3 Bf1+ 33. Kc3 R5f3+ 34. Kb4 Rd2 35. Kc5 Rc3+ 36. Kb4 Rf3 37. a6 Bxa6 38. Rbxa6 Rxd4+ 39. Kc5 Rd2 40. Ra8+ Ke7 41. Re1+ Kf6 42. Bd5 Rf5 43. Ra6+ Kg5 44. Rd6 g6 45. Rh1 h5 46. h4+ Kh6 47. Rxd7 Rdf2 48. Kd4 Kg7 49. Ke3 R2f4 50. Rh3 Ra4 51. Rh2 Ra3+ 52. Ke2 Ra4 53. Bb3 Re4+ 54. Kd2 Ref4 55. Ke2 Re4+ 56. Kd3 Ref4 57. Bd1 Rf2 58. Rh3 Rf1 59. Be2 Ra1 60. Ke3 Re5+ 61. Kf3 Ra3+ 62. Bd3 Rf5+ 63. Ke3 1/2-1/2

[Event "Tula op"]
[Site "Tula"]
[Date "2000.??.??"]
[Round "7"]
[White "Markov, Alexander"]
[Black "Gazakaev, Sergey"]
[Result "0-1"]
[WhiteElo "2220"]
[BlackElo "2287"]
[PlyCount "40"]
[EventDate "2000.??.??"]
[EventType "swiss"]
[EventRounds "10"]
[EventCountry "RUS"]
[SourceTitle "EXT 2001"]
[Source "ChessBase"]
[SourceDate "2000.11.22"]
[SourceVersion "1"]
[SourceVersionDate "2000.11.22"]
[SourceQuality "1"]

1. e4 e5 2. f4 exf4 3. Nf3 d6 4. d4 g5 5. Bc4 Bg7 6. 0-0 Nc6 7. c3 Qf6 8. e5 dxe5 9. Re1 Bg4 10. Qa4 Bxf3 11. gxf3 0-0-0 12. Na3 exd4 13. Bb5 dxc3 14. Bxc6 Qxc6 15. Nb5 Qc5+ 16. Kh1 Qf2 17. Be3 fxe3 18. bxc3 Qxf3+ 19. Kg1 Rd2 20. Nxa7+ Kd8 0-1